| 000 | 00624nam a2200205 4500 | ||
|---|---|---|---|
| 999 |
_c1842 _d1842 |
||
| 001 | 19495 | ||
| 003 | BD-DhUAP | ||
| 005 | 20200217105116.0 | ||
| 008 | 200217s2005 bg mx p w 0 a0eng d | ||
| 040 |
_aBD-DhAAL _cBD-DhAAL _bEng _dBD-DhUAP |
||
| 082 | 0 | 0 |
_223 _a340.5492115 BAN |
| 245 | 0 | 0 |
_aBangladesh legal decision / _cedited by Shirin Sharmin Chaudhury. |
| 260 |
_aDhaka : _bBangladesh Bar Council, _cc2005. |
||
| 300 |
_avolumes ; _c26 cm. |
||
| 505 | _aV. 25-- | ||
| 650 |
_aLaw _xPsychological aspects _zBangladesh. |
||
| 700 | _aChaudhury, Shirin Sharmin. | ||
| 942 |
_2ddc _cBK |
||